000 00778nam a2200253Ia 4500
003 OSt
005 20220925223047.0
006 a|||||r|||| 00| 0
007 ta
008 220923b |||||||| |||| 00| 0 eng d
020 _a0415182670
037 _cGeneral Book
040 _aRTL
_cRTL
_beng
041 _2eng
_aeng
082 _aX:54.410k5.N9, N8
100 _aStrange Roger
_9288875
245 0 _aTrade and investment in China
_b The European experi
260 _aLondon
_bRoutledge
_c1998
300 _axxviii, 315p Bibliography chapterwise
_ccm.
490 _aRoutledge Studies in the Growth Economies of Asia
650 _aForeignTrade
_9255165
942 _hX:54.410k5.N9, N8
_cGB
_2CC
999 _c578534
_d578534